LEADER 01275nam a2200277 a 4500 001 000000148044 003 CaOOAMICUS 005 20151210102941.0 008 151210s2015 vc aeo u000 u eng r 020 $a978-88-465-1046-4 032 $aLibriCat 040 $aPUL$bita 082 04$a726 100 1 $aPower, Edmund,$cO.S.B.,$d1952-$0(OLS)http://pul/name/70197 245 10$aWhat no eye has seen... :$bvisual theology of the Basilica of St. Paul's outside the Walls /$cEdmund Power. 260 $aCittą del Vaticano :$bLateran University Press,$c©2015. 300 $a211 p. :$bill., piante, foto ;$c24 cm. 610 24$aSan Paolo fuori le mura (chiesa : Roma).$0(OLS)http://pul/subject/4220 850 $aPUL 852 $aPUL$W1$xSL Cons. Gen., Altre Classi 3$y75$m726 POWED 2$j170815$qDDC 21$B171865$CPULBib$Z2$F171865 $H126742 $81 941 1 $a9 996 $6020$a978-88-465-1046-4$9(OLS)http://pul/number/159230 996 $6082$a726$9(OLS)http://pul/classification/2345 996 $6245$aWhat no eye has seen... :$bvisual theology of the Basilica of St. Paul's outside the Walls$9(OLS)http://pul/title/186802 996 $6260$aCittą del Vaticano :$bLateran University Press$9(OLS)http://pul/publisher/74585 LEADER 01011nam a2200265 u 4500 001 000000109764 003 CaOOAMICUS 005 20080214121202.0 008 080214s2007 it u000 u ita u 020 $z88-13-26911-0* 040 $aPUL$bita$dMCT 100 1 $aNicolini, Giovanni.$0(OLS)http://pul/name/67260 245 10$aCompendio di diritto del lavoro /$cGiovanni Nicolini. 250 $a2. ed. 260 $aPadova :$bCEDAM,$c2007. 300 $axii, 554 p. ;$c24 cm. 500 $aContiene indici. 650 4$aDiritto del lavoro.$0(OLS)http://pul/subject/1096 850 $aPUL 852 $aPUL$W1$xSL Diritto e Scienze Sociali 3$y79$m344. 4501 NICGI 1$j125626$qDDC 21$B124353$CPULBib$Z2$F124353 $H106297 $82 941 1 $a9 960 $aLavoro (Diritto)$91096 996 $6020$z88-13-26911-0*$9(OLS)http://pul/number/137100 996 $6245$aCompendio di diritto del lavoro$9(OLS)http://pul/title/53562 996 $6260$aPadova :$bCEDAM$9(OLS)http://pul/publisher/48126